Asian Capitals - Sudden Death - Statistics

General Stats
  • This quiz has been taken 162 times
  • The average score is 15 of 23
Answers on the Grid
Answers color-coded by a green-red scale on the quiz's grid according to % correct below.
Ankara
Astana
Bali
Batman
Bishkek
Colombo
Damascus
Dili
Dubai
Erbil
Fukuoka
Ho Chi Minh City
Incheon
Islamabad
Istanbul
Jakarta
Kabul
Karachi
Kuala Lumpur
Kyoto
Lahore
Malé
Manilla
Mecca
Mosul
Mumbai
Nicosia
Naypyidaw
Phuket
Pyongyang
Qom
Rangpur
Sanaa
Seoul
Shanghai
Singapore
Tainan
Taipei
Tehran
Tripoli
Ulaanbaatar
Ulsan
Vientiane
Warangal
Xi'an
Yangon
Yerevan
Zarafshan
 
Answer Stats
Answer % Correct
Ankara
94%
Jakarta
77%
Islamabad
73%
Astana
72%
Damascus
72%
Kuala Lumpur
72%
Seoul
71%
Bishkek
68%
Kabul
68%
Manilla
66%
Pyongyang
64%
Dili
62%
Malé
61%
Naypyidaw
61%
Singapore
61%
Taipei
61%
Tehran
59%
Ulaanbaatar
57%
Sanaa
56%
Nicosia
55%
Vientiane
52%
Yerevan
49%
Colombo
32%
No matching quizzes found
Score Distribution
Percent of People with Each Score
Percentile by Number Answered
Your Score History
You have not taken this quiz